Dancing With the Stars/Host,Judges,Pros - Statistics

General Stats
  • This quiz has been taken 157 times
    124 since last reset
  • The average score is 33 of 60
Answer Stats
Seasons Answer Seasons Won % Correct
Judge/Pro (J)S29- (P)S5-11/S13-21/S22 Derek S7/S10/S11/S16/S17/S21
100%
Judge S1- Bruno
96%
Judge/Pro/Host (J)S19-21/S23-24 (P)S4-S8(H)S32- Julianne S4/S5
96%
Judge S1-20/S22-29,30-31 Len
96%
Judge S1- Carrie Ann
95%
Pro S13-25/S27- Val S20/S23
94%
Host/Star S31-/Winner S19 Alfonso S19
93%
Pro S29- Daniella S30
92%
Pro S23/S26-30/S32- Jenna S26
92%
Pro S25- Alan S28
89%
Pro S17-21/S23- Emma S24
88%
Pro S2-5/S7-S15/S18/S23-25 Maks S18
88%
Pro S28- Pasha
88%
Pro S5-22/S25/S31 Mark S6/S8/S31
87%
Pro S16/S21-28/S30 Lindsay S25
86%
Pro S32 Rylee
86%
Pro S18-28/S30-31 Witney S19
86%
Pro S2-19/S23/S25/S27-31 Cheryl S2/S3
85%
Pro S16/S23- Gleb
83%
Pro S13- Peta S14/S22
83%
Pro S29- Britt
82%
Pro S17/S22-24/S26- Sasha
81%
Pro S27- Brandon
80%
Host S29-31 Tyra
79%
Pro S19-20/S22-27/S29- Artem S29
74%
Pro S16-27/S29-30 Sharna S27
73%
Pro S31 Koko
67%
Host S1-28 Tom
61%
Pro S1-3/S7/S9-12/S15/S21/S31 Louis
58%
Host/Star S18-28/3rd Place S10 Erin
52%
Pro S3-9/S11-16/S20/S24 Kym S9/S12
52%
Pro S2-S22 Tony S15
52%
Pro S19-22/S24-27/S29 Keo
46%
Pro S3-9/S11-19/S21-22 Karina JR S13
43%
Pro S9 Ann
40%
Pro S19-21/S23 Allison
38%
Host/Star S10-17/Winner S7 Brooke S7
38%
Pro S1-10/S22 Edyta
38%
Pro S2/S5-6/S10-15/S21 Anna
37%
Pro S1/S4-5/S7/S9 Alec S1
36%
Pro S8-12/S14-15 Chelsie
29%
Pro S7/S11 Corky
27%
Pro S1-2/S4-6/S8-9 Jonathan
25%
Pro S7-10/S11-13 Lacey
25%
Pro S17 Tyne
24%
Pro S1-S3/S10 Ashly
23%
Host S2-9 Samantha
23%
Pro S1 Charlotte
21%
Pro S13-17 Tristan
21%
Pro S3-4 Elena
20%
Host S1 Lisa
20%
Pro S18 Henry
19%
Pro S10 Damian
17%
Pro S7 Inna
17%
Pro S2-3 Nick
17%
Pro S2 Andrea
15%
Pro S6 Fabian
14%
Pro S4 Brian
12%
Pro S3 Jesse
12%
Pro S8-S9/S12 Dmitry
11%
No matching quizzes found
Score Distribution
Percent of People with Each Score
Percentile by Number Answered
Your Score History
You have not taken this quiz since the last reset